000
00319nam a2200145Ia 4500
005
20251222152650.0
008
251222s9999||||xx |||||||||||||| ||spa||
020
_a
9788498009435
082
_a
823/L32
100
_a
Laymon, Richard
245
0
_a
La Isla
250
_a
1ra.ed.
264
_b
La Factoria
942
_c
LIB
999
_c
28425
_d
28425